00745nam a2200181 4500001000700000003000900007005001700016007000300033008004100036100003600077245010200113260007100215300003400286710007000320852003200390999001900422952012200441145154ES-MaACL20230906201156.0t|070214s1973 sp r ||||1| spa d1 aSotomayor Muro, Manuel.910754410aDatos históricos sobre los sarcófagos romano-cristianos de España /cManuel Sotomayor Muro. aGranada : bUniversidad, Facultad de Filosofía y Letras, c1973. a135 p. 110 lám.? ; c25 cm.2 aUniversidad de Granada. bFacultad de Filosofía y Letras.97183 aES-MaACLjC-54213 bR.86837 c145154d145154 00104070aATENEOMbATENEOMcDEPO2d2008-01-17eSCl0oC-54213p1151519r2023-02-23 00:00:00w2023-02-23yMONOGRAFIA